<?xml version="1.0" encoding="UTF-8"?>
<record
    xmlns:xsi="http://www.w3.org/2001/XMLSchema-instance"
    xsi:schemaLocation="http://www.loc.gov/MARC21/slim http://www.loc.gov/standards/marcxml/schema/MARC21slim.xsd"
    xmlns="http://www.loc.gov/MARC21/slim">

  <leader>00623nam a22002297a 4500</leader>
  <controlfield tag="005">20171012135614.0</controlfield>
  <controlfield tag="007">00</controlfield>
  <controlfield tag="008">170228b        xxu||||| |||| 00| 0 eng d</controlfield>
  <datafield tag="020" ind1=" " ind2=" ">
    <subfield code="a">978-2-7430-1134-5</subfield>
  </datafield>
  <datafield tag="040" ind1=" " ind2=" ">
    <subfield code="a">BUAC</subfield>
    <subfield code="c">BUC</subfield>
  </datafield>
  <datafield tag="041" ind1=" " ind2=" ">
    <subfield code="a">Fre.</subfield>
  </datafield>
  <datafield tag="100" ind1=" " ind2=" ">
    <subfield code="a">GRECIAS, Pierre</subfield>
  </datafield>
  <datafield tag="245" ind1=" " ind2=" ">
    <subfield code="a">Chimie :</subfield>
    <subfield code="c">/ par GRECIAS, Pierre:</subfield>
    <subfield code="b">2de ann&#xE9;e : PSI PSI*</subfield>
  </datafield>
  <datafield tag="250" ind1=" " ind2=" ">
    <subfield code="a">Nouvelle &#xE9;dition</subfield>
  </datafield>
  <datafield tag="260" ind1=" " ind2=" ">
    <subfield code="a">Paris :</subfield>
    <subfield code="b">Lavoisier , </subfield>
    <subfield code="c">2009.</subfield>
  </datafield>
  <datafield tag="300" ind1=" " ind2=" ">
    <subfield code="a">447 p.</subfield>
    <subfield code="c">27 cm.</subfield>
    <subfield code="b">couv. en coul. ;</subfield>
  </datafield>
  <datafield tag="440" ind1=" " ind2=" ">
    <subfield code="a">( R&#xE9;f&#xE9;rence Pr&#xE9;pas)</subfield>
    <subfield code="9">80</subfield>
  </datafield>
  <datafield tag="500" ind1=" " ind2=" ">
    <subfield code="a">Index : pp. (445-447)</subfield>
  </datafield>
  <datafield tag="630" ind1=" " ind2=" ">
    <subfield code="a">SCIENCES PURES</subfield>
  </datafield>
  <datafield tag="650" ind1=" " ind2=" ">
    <subfield code="a">CHIMIE</subfield>
  </datafield>
  <datafield tag="942" ind1=" " ind2=" ">
    <subfield code="c">LBA</subfield>
  </datafield>
  <datafield tag="999" ind1=" " ind2=" ">
    <subfield code="c">56025</subfield>
    <subfield code="d">56025</subfield>
  </datafield>
  <datafield tag="952" ind1=" " ind2=" ">
    <subfield code="0">0</subfield>
    <subfield code="1">0</subfield>
    <subfield code="4">0</subfield>
    <subfield code="7">0</subfield>
    <subfield code="a">BUAC</subfield>
    <subfield code="b">BUAC</subfield>
    <subfield code="c">R&#xE9;serve</subfield>
    <subfield code="d">2016-10-28</subfield>
    <subfield code="e">Don ABAR</subfield>
    <subfield code="f">16/1368</subfield>
    <subfield code="l">0</subfield>
    <subfield code="o">54 GRE</subfield>
    <subfield code="p">16-1368Buc</subfield>
    <subfield code="r">2017-02-28 00:00:00</subfield>
    <subfield code="t">1</subfield>
    <subfield code="w">2017-02-28</subfield>
    <subfield code="y">LBA</subfield>
  </datafield>
  <datafield tag="952" ind1=" " ind2=" ">
    <subfield code="0">0</subfield>
    <subfield code="1">0</subfield>
    <subfield code="4">0</subfield>
    <subfield code="7">0</subfield>
    <subfield code="a">BUAC</subfield>
    <subfield code="b">BUAC</subfield>
    <subfield code="d">2016-10-28</subfield>
    <subfield code="e">Don ABAR</subfield>
    <subfield code="f">16/1369</subfield>
    <subfield code="l">0</subfield>
    <subfield code="o">54 GRE</subfield>
    <subfield code="p">16-1369Buc</subfield>
    <subfield code="r">2017-02-28 00:00:00</subfield>
    <subfield code="t">2</subfield>
    <subfield code="w">2017-02-28</subfield>
    <subfield code="y">LBA</subfield>
  </datafield>
  <datafield tag="952" ind1=" " ind2=" ">
    <subfield code="0">0</subfield>
    <subfield code="1">0</subfield>
    <subfield code="4">0</subfield>
    <subfield code="7">0</subfield>
    <subfield code="a">BUAC</subfield>
    <subfield code="b">BUAC</subfield>
    <subfield code="c">R&#xE9;serve</subfield>
    <subfield code="d">2017-09-13</subfield>
    <subfield code="e">Don ABAR</subfield>
    <subfield code="f">16/1892</subfield>
    <subfield code="l">0</subfield>
    <subfield code="o">54O GRE</subfield>
    <subfield code="p">16-1892BUC</subfield>
    <subfield code="r">2017-09-13 00:00:00</subfield>
    <subfield code="t">3</subfield>
    <subfield code="w">2017-02-28</subfield>
    <subfield code="y">LBA</subfield>
  </datafield>
  <datafield tag="952" ind1=" " ind2=" ">
    <subfield code="0">0</subfield>
    <subfield code="1">0</subfield>
    <subfield code="4">0</subfield>
    <subfield code="7">0</subfield>
    <subfield code="a">BUAC</subfield>
    <subfield code="b">BUAC</subfield>
    <subfield code="c">R&#xE9;serve</subfield>
    <subfield code="d">2017-09-13</subfield>
    <subfield code="e">Don ABAR</subfield>
    <subfield code="f">16/1891</subfield>
    <subfield code="l">0</subfield>
    <subfield code="o">54O GRE</subfield>
    <subfield code="p">16-1891BUC</subfield>
    <subfield code="r">2017-09-13 00:00:00</subfield>
    <subfield code="t">4</subfield>
    <subfield code="w">2017-02-28</subfield>
    <subfield code="y">LBA</subfield>
  </datafield>
  <datafield tag="952" ind1=" " ind2=" ">
    <subfield code="0">0</subfield>
    <subfield code="1">0</subfield>
    <subfield code="4">0</subfield>
    <subfield code="7">0</subfield>
    <subfield code="a">BUAC</subfield>
    <subfield code="b">BUAC</subfield>
    <subfield code="c">R&#xE9;serve</subfield>
    <subfield code="d">2017-09-13</subfield>
    <subfield code="e">Don ABAR</subfield>
    <subfield code="f">16/1893</subfield>
    <subfield code="l">0</subfield>
    <subfield code="o">54O GRE</subfield>
    <subfield code="p">16-1893BUC</subfield>
    <subfield code="r">2017-09-13 00:00:00</subfield>
    <subfield code="t">5</subfield>
    <subfield code="w">2017-02-28</subfield>
    <subfield code="y">LBA</subfield>
  </datafield>
</record>
